Modernization : Protest and change

Modernization of traditional societies series about the way quiet places have come alive, an to introduce at long last materials on the contemporary character of developing areas

Đã lưu trong:
Bibliografiske detaljer
Hovedforfatter: Eisenstadt, Shmuel Noah
Format: Bog
Sprog:Undetermined
Udgivet: New Yersey Prentice-Hall 1966
Fag:
Tags: Tilføj Tag
Ingen Tags, Vær først til at tagge denne postø!
Thư viện lưu trữ: Trung tâm Học liệu Trường Đại học Cần Thơ
LEADER 00726nam a2200205Ia 4500
001 CTU_221465
008 210402s9999 xx 000 0 und d
082 |a 301 
082 |b E36 
100 |a Eisenstadt, Shmuel Noah 
245 0 |a Modernization : 
245 0 |b Protest and change 
245 0 |c Shmuel Noah Eisenstadt 
260 |a New Yersey 
260 |b Prentice-Hall 
260 |c 1966 
520 |a Modernization of traditional societies series about the way quiet places have come alive, an to introduce at long last materials on the contemporary character of developing areas 
650 |a Social change,Thay đổi xã hội 
904 |i Nguyên 
980 |a Trung tâm Học liệu Trường Đại học Cần Thơ